| 000 | 00000nam 2200000zi 4500 |
| 001 | 9.938290 |
| 003 | CaOODSP |
| 005 | 20241104100128 |
| 006 | m o d f |
| 007 | cr cn||||||||| |
| 008 | 240514t20232023oncbd ob f000 0 fre d |
| 020 | |a9780660719443 |
| 040 | |aCaOODSP|bfre|erda|cCaOODSP |
| 043 | |an-cn-nf |
| 086 | 1 |aCW69-14/834-2024F-PDF |
| 245 | 00|aÉvaluation et rapport de situation du COSEPAC sur la grive à joues grises de la sous-espèce minimus, Catharus minimus minimus, au Canada. |
| 264 | 1|aOttawa (Ontario) : |bComité sur la situation des espèces en péril au Canada = Committee on the Status of Endangered Wildlife in Canada, |c2023. |
| 264 | 4|c©2023 |
| 300 | |a1 ressource en ligne (xiii, 83 pages) : |bcartes, graphiques |
| 336 | |atexte|btxt|2rdacontent/fre |
| 337 | |ainformatique|bc|2rdamedia/fre |
| 338 | |aressource en ligne|bcr|2rdacarrier/fre |
| 500 | |aTitre de la couverture. |
| 500 | |a« Menacée 2023. » |
| 500 | |aPublié aussi en anglais sous le titre : COSEWIC assessment and status report on the gray-cheeked thrush minimus subspecies, Catharus minimus minimus, in Canada. |
| 504 | |aComprend des références bibliographiques (pages 58-73). |
| 520 | |a« Cette sous-espèce d'oiseau chanteur se reproduit uniquement dans les forêts montagnardes denses de l'archipel de Terre-Neuve et de la côte sud du Labrador. De petits nombres d'oiseaux sont également présents dans les îles côtières de la Nouvelle-Écosse et les îles françaises de Saint-Pierre-et-Miquelon. Cette sous-espèce passe probablement l'hiver dans les forêts du nord-est de la Colombie et du nord-ouest du Venezuela. Elle diffère génétiquement, par sa couleur et par son chant, de la sous-espèce septentrionale de plus grande taille qui est répandue dans tout le Canada boréal. Autrefois abondante dans toute l'île de Terre-Neuve, cette grive est aujourd'hui largement limitée à l'habitat de haute altitude et à certaines îles côtières. Cette situation est principalement due à la déprédation des nids par une espèce d'écureuil introduite à Terre-Neuve en 1963. Selon des estimations prudentes, les effectifs globaux de la sous-espèce ont diminué de 26,7 à 30,4 % au cours des 10 dernières années, et ce déclin devrait continuer. Parmi les autres menaces de faible impact figurent les modifications écosystémiques liées à l'introduction d'herbivores et à la lutte contre les éclosions d'insectes, le développement énergétique, l'exploitation minière et les effets de l'agriculture et de l'exploitation forestière sur l'habitat d'hivernage » -- Justification de la désignation, page iii. |
| 650 | 6|aGrive à joues grises|zTerre-Neuve-et-Labrador. |
| 650 | 6|aOiseaux rares|zTerre-Neuve-et-Labrador. |
| 710 | 2 |aComité sur la situation des espèces en péril au Canada, |eorganisme de publication. |
| 775 | 08|tCOSEWIC assessment and status report on the gray-cheeked thrush minimus subspecies, Catharus minimus minimus, in Canada.|w(CaOODSP)9.938289 |
| 856 | 40|qPDF|s1.78 Mo|uhttps://publications.gc.ca/collections/collection_2024/eccc/cw69/CW69-14-834-2024-fra.pdf |
| 856 | 4 |qHTML|sS.O.|uhttps://www.canada.ca/fr/environnement-changement-climatique/services/registre-public-especes-peril/evaluations-rapports-situations-cosepac/grive-joues-grises-sous-espece-minimus-2023.html |